[Event "Ruhrgebiet Verbandsliga Gruppe 1 1718"]
[Site "Germany"]
[Date "2017.10.08"]
[Round "2.3"]
[White "Fuest, Torsten"]
[Black "Mohrholz, Uwe"]
[Result "0-1"]
[WhiteElo "1888"]
[BlackElo "2018"]
[PlyCount "52"]
[EventDate "2017.09.17"]
[EventType "team-tourn"]
[EventRounds "9"]
[EventCountry "GER"]
[SourceTitle "EXT 2022"]
[Source "ChessBase"]
[SourceDate "2021.10.06"]
[SourceVersion "1"]
[SourceVersionDate "2021.10.06"]
[SourceQuality "1"]
[WhiteTeam "Boenen SV"]
[BlackTeam "Bottrop SV"]
[WhiteTeamCountry "GER"]
[BlackTeamCountry "GER"]

1. d4 Nf6 2. Bf4 b6 3. e3 Bb7 4. Nd2 d6 5. h3 Nbd7 6. Ngf3 g6 7. Bd3 Bg7 8. 0-0 0-0 9. c3 e5 10. dxe5 dxe5 11. Bxe5 Nxe5 12. Nxe5 Nh5 13. Ndf3 Qe7 14. Nc4 Rad8 15. Qc2 Bxf3 16. gxf3 Qd7 17. Rfd1 Qxh3 18. Be2 Rde8 19. f4 Re7 20. Rd2 Rfe8 21. Rad1 Nf6 22. Ne5 Rxe5 23. fxe5 Rxe5 24. Rd8+ Bf8 25. f3 Rg5+ 26. Kf2 Qg3+ 0-1

[Event "Ruhrgebiet Verbandsliga Gruppe 1 1617"]
[Site "Germany"]
[Date "2017.01.29"]
[Round "6.3"]
[White "Mohrholz, Uwe"]
[Black "Melmer, Felix"]
[Result "1-0"]
[WhiteElo "2003"]
[BlackElo "1908"]
[PlyCount "61"]
[EventDate "2016.09.04"]
[EventType "team-tourn"]
[EventRounds "9"]
[EventCountry "GER"]
[SourceTitle "EXT 2022"]
[Source "ChessBase"]
[SourceDate "2021.10.06"]
[SourceVersion "1"]
[SourceVersionDate "2021.10.06"]
[SourceQuality "1"]
[WhiteTeam "Bottrop SV"]
[BlackTeam "Gerthe Werne"]
[WhiteTeamCountry "GER"]
[BlackTeamCountry "GER"]

1. d4 f5 2. Nf3 Nf6 3. Nc3 d5 4. Bf4 e6 5. e3 Bd6 6. g3 0-0 7. Bg2 b6 8. 0-0 Ba6 9. Re1 c5 10. Ng5 Re8 11. Be5 Bxe5 12. dxe5 Ne4 13. Ncxe4 fxe4 14. Qh5 Qd7 15. Qxh7+ Kf8 16. Bh3 Nc6 17. Qh8+ Ke7 18. Qxg7+ Kd8 19. Qf6+ Kc7 20. Bxe6 Rxe6 21. Nxe6+ Kb7 22. Nf8 Qc7 23. Ne6 Qh7 24. Ng5 Qc7 25. Nf7 Rg8 26. Nd6+ Kb8 27. Qe6 Rg5 28. Qe8+ Bc8 29. Qxc8+ Qxc8 30. Nxc8 Kxc8 31. e6 1-0

[Event "Ruhrgebiet Verbandsliga Gruppe 1 1617"]
[Site "Germany"]
[Date "2016.10.30"]
[Round "3.4"]
[White "Mohrholz, Uwe"]
[Black "Kortenbusch, Christoph"]
[Result "0-1"]
[WhiteElo "2003"]
[BlackElo "2036"]
[PlyCount "88"]
[EventDate "2016.09.04"]
[EventType "team-tourn"]
[EventRounds "9"]
[EventCountry "GER"]
[SourceTitle "EXT 2022"]
[Source "ChessBase"]
[SourceDate "2021.10.06"]
[SourceVersion "1"]
[SourceVersionDate "2021.10.06"]
[SourceQuality "1"]
[WhiteTeam "Bottrop SV"]
[BlackTeam "Holsterhausen SK"]
[WhiteTeamCountry "GER"]
[BlackTeamCountry "GER"]

1. e4 c5 2. Nc3 Nc6 3. g3 g6 4. Bg2 Bg7 5. Nd5 e6 6. Ne3 Rb8 7. d3 b5 8. c3 b4 9. Bd2 Nge7 10. f4 bxc3 11. Bxc3 Nd4 12. Nf3 d5 13. Ne5 0-0 14. 0-0 f6 15. N5g4 f5 16. Ne5 fxe4 17. dxe4 Ba6 18. Rf2 Bxe5 19. fxe5 Rxf2 20. Kxf2 Qf8+ 21. Ke1 Nec6 22. Ng4 Be2 23. Nf6+ Kh8 24. Qd2 Nxe5 25. Bxd4 cxd4 26. Kxe2 d3+ 27. Kf1 Qxf6+ 28. Qf4 Qxf4+ 29. gxf4 Ng4 30. b3 Rc8 31. exd5 exd5 32. Re1 d2 33. Rd1 Ne3+ 34. Ke2 Nxg2 35. Rxd2 Nxf4+ 36. Ke3 g5 37. h4 h6 38. hxg5 hxg5 39. Rb2 Kg7 40. b4 Kf6 41. b5 Ke5 42. b6 axb6 43. Rxb6 Rc3+ 44. Kd2 Ra3 0-1

[Event "Ruhrgebiet Verbandsliga Gruppe 1 1516"]
[Site "Germany"]
[Date "2016.04.24"]
[Round "9.3"]
[White "Mohrholz, Uwe"]
[Black "Zeldin, Leonid"]
[Result "1/2-1/2"]
[WhiteElo "1967"]
[BlackElo "2036"]
[PlyCount "24"]
[EventDate "2015.09.06"]
[EventType "team-tourn"]
[EventRounds "9"]
[EventCountry "GER"]
[SourceTitle "EXT 2022"]
[Source "ChessBase"]
[SourceDate "2021.10.06"]
[SourceVersion "1"]
[SourceVersionDate "2021.10.06"]
[SourceQuality "1"]
[WhiteTeam "Bottrop SV"]
[BlackTeam "Bochum SG III"]
[WhiteTeamCountry "GER"]
[BlackTeamCountry "GER"]

1. Nf3 Nf6 2. g3 g6 3. Bg2 Bg7 4. 0-0 d5 5. d4 0-0 6. Re1 c6 7. Nbd2 Bf5 8. c3 Nbd7 9. Nh4 Re8 10. Nxf5 gxf5 11. Nf3 Ne4 12. Nh4 e6 1/2-1/2

[Event "Ruhrgebiet Verbandsliga Gruppe 1 1516"]
[Site "Germany"]
[Date "2016.03.20"]
[Round "8.3"]
[White "Burchert, Wolfgang"]
[Black "Mohrholz, Uwe"]
[Result "1/2-1/2"]
[WhiteElo "2019"]
[BlackElo "1967"]
[PlyCount "96"]
[EventDate "2015.09.06"]
[EventType "team-tourn"]
[EventRounds "9"]
[EventCountry "GER"]
[SourceTitle "EXT 2022"]
[Source "ChessBase"]
[SourceDate "2021.10.06"]
[SourceVersion "1"]
[SourceVersionDate "2021.10.06"]
[SourceQuality "1"]
[WhiteTeam "Dortmund Hansa III"]
[BlackTeam "Bottrop SV"]
[WhiteTeamCountry "GER"]
[BlackTeamCountry "GER"]

1. e4 c5 2. Nf3 g6 3. d4 cxd4 4. Qxd4 Nf6 5. e5 Nc6 6. Qa4 Nd5 7. Qe4 Nb6 8. Nc3 Bg7 9. Bf4 0-0 10. 0-0-0 d5 11. exd6 Bf5 12. dxe7 Qxe7 13. Qxe7 Nxe7 14. Nd4 Rfd8 15. Nxf5 Rxd1+ 16. Nxd1 Nxf5 17. Bd3 Re8 18. Bxf5 gxf5 19. Ne3 Re4 20. g3 Na4 21. c3 Nc5 22. Rd1 Ne6 23. Bb8 Bh6 24. Kc2 f4 25. Nf5 Bg5 26. g4 Re2+ 27. Kb3 Rxf2 28. h4 Bd8 29. Bxa7 b6 30. a4 Rg2 31. Rf1 Kf8 32. g5 Bc7 33. a5 bxa5 34. Rf2 Rg4 35. Kc4 f3+ 36. Kd5 Rf4 37. Nd4 Rxh4 38. Nxe6+ fxe6+ 39. Kxe6 Re4+ 40. Kd5 Rf4 41. Be3 Rf7 42. Ke4 Ke7 43. Rxf3 Rxf3 44. Kxf3 Ke6 45. Ke4 a4 46. Bd4 Bd8 47. Be3 Bc7 48. Bd4 Bd8 1/2-1/2

[Event "Ruhrgebiet Verbandsliga Gruppe 1 1516"]
[Site "Germany"]
[Date "2016.02.21"]
[Round "7.3"]
[White "Mohrholz, Uwe"]
[Black "Mallee, Ralph"]
[Result "1/2-1/2"]
[WhiteElo "1981"]
[BlackElo "2118"]
[PlyCount "26"]
[EventDate "2015.09.06"]
[EventType "team-tourn"]
[EventRounds "9"]
[EventCountry "GER"]
[SourceTitle "EXT 2022"]
[Source "ChessBase"]
[SourceDate "2021.10.06"]
[SourceVersion "1"]
[SourceVersionDate "2021.10.06"]
[SourceQuality "1"]
[WhiteTeam "Bottrop SV"]
[BlackTeam "Dortmund SV"]
[WhiteTeamCountry "GER"]
[BlackTeamCountry "GER"]

1. e4 e5 2. f4 exf4 3. Nf3 Be7 4. Bc4 Nf6 5. e5 Ng4 6. 0-0 0-0 7. d4 d5 8. Bd3 Ne3 9. Bxe3 fxe3 10. Qe1 c5 11. c3 Nc6 12. Qxe3 cxd4 13. cxd4 Nb4 1/2-1/2

[Event "Ruhrgebiet Verbandsliga Gruppe 1 1516"]
[Site "Germany"]
[Date "2015.09.27"]
[Round "2.2"]
[White "Landau, Christian"]
[Black "Mohrholz, Uwe"]
[Result "0-1"]
[WhiteElo "2075"]
[BlackElo "1989"]
[PlyCount "130"]
[EventDate "2015.09.06"]
[EventType "team-tourn"]
[EventRounds "9"]
[EventCountry "GER"]
[SourceTitle "EXT 2022"]
[Source "ChessBase"]
[SourceDate "2021.10.06"]
[SourceVersion "1"]
[SourceVersionDate "2021.10.06"]
[SourceQuality "1"]
[WhiteTeam "Steele/Kray Rochade"]
[BlackTeam "Bottrop SV"]
[WhiteTeamCountry "GER"]
[BlackTeamCountry "GER"]

1. e4 c5 2. Nf3 g6 3. d4 cxd4 4. Nxd4 Bg7 5. Nc3 Nc6 6. Nde2 Nf6 7. g3 d6 8. Bg2 Bg4 9. h3 Be6 10. 0-0 Qd7 11. Kh2 h5 12. Nf4 h4 13. Nxe6 hxg3+ 14. fxg3 Qxe6 15. Nd5 0-0-0 16. Nf4 Qe5 17. Nd3 Qd4 18. c3 Qc4 19. Qf3 Ne5 20. Nxe5 dxe5 21. b3 Qd3 22. Ba3 Qxf3 23. Rxf3 Rd7 24. Kg1 Bh6 25. Re1 Rhd8 26. h4 Rd1 27. Rff1 Rxe1 28. Rxe1 Rd3 29. Bxe7 Ng4 30. Bc5 Rxg3 31. Bxa7 Kc7 32. Bf2 Rxc3 33. Bf1 Bf4 34. Re2 Nxf2 35. Kxf2 Bg3+ 36. Kg1 Bxh4 37. Rh2 g5 38. Rh3 Rc2 39. Rf3 Rxa2 40. Rxf7+ Kc6 41. Bc4 b5 42. Bd5+ Kd6 43. Rf6+ Kd7 44. Rf7+ Kd8 45. Rf5 g4 46. Rxe5 Bf2+ 47. Kf1 Be3 48. Rf5 g3 49. e5 Rd2 50. Bg2 Ke7 51. Rf3 Bf2 52. Rf5 Bd4 53. Bd5 Bxe5 54. Rxe5+ Kd6 55. Rg5 Rxd5 56. Rxg3 Kc5 57. Ke2 Kb4 58. Rh3 Ka3 59. Rg3 b4 60. Rh3 Kb2 61. Rg3 Kc2 62. Re3 Rd2+ 63. Ke1 Rd1+ 64. Ke2 Rd4 65. Ke1 Rd3 0-1

[Event "NRW Verbandsliga Group1 1314"]
[Site "Nordrheinwestfalen"]
[Date "2014.04.06"]
[Round "9.3"]
[White "Reichmann, Oleg"]
[Black "Mohrholz, Uwe"]
[Result "1-0"]
[WhiteElo "2028"]
[BlackElo "1964"]
[PlyCount "81"]
[EventDate "2013.09.08"]
[EventType "team-tourn"]
[EventRounds "9"]
[EventCountry "GER"]
[SourceTitle "EXT 2020"]
[Source "ChessBase"]
[SourceDate "2019.10.17"]
[SourceVersion "1"]
[SourceVersionDate "2019.10.17"]
[SourceQuality "1"]
[WhiteTeam "Dortmund FS 98"]
[BlackTeam "Bottrop SV"]
[WhiteTeamCountry "GER"]
[BlackTeamCountry "GER"]

1. d4 Nf6 2. c4 c5 3. d5 e6 4. Nc3 exd5 5. cxd5 d6 6. Nf3 g6 7. Nd2 a6 8. a4 Nbd7 9. e4 Bg7 10. Be2 0-0 11. 0-0 Re8 12. Qc2 Ne5 13. f4 Neg4 14. Nc4 Nh5 15. Bxg4 Bxg4 16. Be3 Qe7 17. Rae1 Bxc3 18. bxc3 b5 19. Nd2 Bd7 20. a5 f5 21. exf5 Bxf5 22. Qd1 Qd7 23. Nf3 Re7 24. Bc1 Rae8 25. Rxe7 Rxe7 26. Ng5 h6 27. Nf3 Qe8 28. Nh4 Ng7 29. g4 Be4 30. f5 gxf5 31. Bxh6 Re5 32. Bxg7 Kxg7 33. gxf5 Bxf5 34. Qf3 Bg6 35. Qf6+ Kh7 36. Nf3 Rxd5 37. Re1 Qg8 38. Re7+ Bf7+ 39. Kf2 Qg6 40. Rxf7+ Kh6 41. Qh8+ 1-0

[Event "NRW Verbandsliga Group1 1314"]
[Site "Nordrheinwestfalen"]
[Date "2013.11.03"]
[Round "3.3"]
[White "Mohrholz, Uwe"]
[Black "Ueter, Heinz Dieter"]
[Result "0-1"]
[WhiteElo "1964"]
[BlackElo "2188"]
[PlyCount "90"]
[EventDate "2013.09.08"]
[EventType "team-tourn"]
[EventRounds "9"]
[EventCountry "GER"]
[SourceTitle "EXT 2020"]
[Source "ChessBase"]
[SourceDate "2019.10.17"]
[SourceVersion "1"]
[SourceVersionDate "2019.10.17"]
[SourceQuality "1"]
[WhiteTeam "Bottrop SV"]
[BlackTeam "Ahlen SV"]
[WhiteTeamCountry "GER"]
[BlackTeamCountry "GER"]

1. e4 c5 2. Nc3 Nc6 3. g3 g6 4. Bg2 Bg7 5. d3 Rb8 6. f4 b5 7. Nd5 e6 8. Ne3 Nge7 9. Nf3 d5 10. e5 0-0 11. d4 cxd4 12. Nxd4 Qb6 13. Nxc6 Nxc6 14. Ng4 Bb7 15. Be3 Qd8 16. Bc5 Re8 17. 0-0 Rc8 18. Bd6 Ne7 19. Bxe7 Qxe7 20. c3 b4 21. cxb4 Qxb4 22. Kh1 Rc7 23. Rf3 Rec8 24. Rb3 Qe7 25. h3 Rc5 26. Qe1 Ba6 27. Rd1 Bb5 28. Qb4 Bf8 29. a4 Rc1 30. Nf6+ Kg7 31. Qxb5 Rxd1+ 32. Kh2 Rc2 33. Rc3 Rxc3 34. bxc3 Qc5 35. Ne8+ Kh6 36. Qxc5 Bxc5 37. h4 Rd3 38. g4 g5 39. hxg5+ Kg6 40. c4 Be3 41. Kg3 Bd2+ 42. Bf3 dxc4 43. Nd6 c3 44. f5+ Kg7 45. f6+ Kg8 0-1

[Event "NRW Verbandsliga Group1 1314"]
[Site "Nordrheinwestfalen"]
[Date "2013.10.13"]
[Round "2"]
[White "Mohrholz, Uwe"]
[Black "Huette, Stefan"]
[Result "0-1"]
[WhiteElo "1964"]
[BlackElo "2018"]
[PlyCount "70"]
[EventDate "2013.09.08"]
[EventType "team-tourn"]
[EventRounds "9"]
[EventCountry "GER"]
[SourceTitle "EXT 2020"]
[Source "ChessBase"]
[SourceDate "2019.10.17"]
[SourceVersion "1"]
[SourceVersionDate "2019.10.17"]
[SourceQuality "1"]
[WhiteTeam "Bottrop SV"]
[BlackTeam "Essen Werden"]
[WhiteTeamCountry "GER"]
[BlackTeamCountry "GER"]

1. d4 d5 2. Nf3 Bg4 3. Ne5 Be6 4. Nd2 Nd7 5. Nd3 Bf5 6. Nf3 e6 7. g3 Bd6 8. Bg2 h6 9. c3 Ngf6 10. c4 0-0 11. c5 Be7 12. 0-0 Ne4 13. Nfe5 Bf6 14. Bf4 Nxe5 15. Bxe5 Be7 16. f3 f6 17. Bf4 Ng5 18. Bxg5 hxg5 19. b4 Kf7 20. Nf2 Bg6 21. Qd2 Rh8 22. e4 f5 23. Rae1 Bf6 24. e5 Be7 25. Nd3 Rh6 26. Rf2 Qh8 27. Bf1 Qh7 28. f4 gxf4 29. Nxf4 Rh8 30. Bd3 Bg5 31. Ree2 Bh5 32. Re1 Bg4 33. Qc2 Bxf4 34. gxf4 Qg6 35. Kh1 Rxh2+ 0-1

[Event "Ruhrgebiet VK1 1213"]
[Site "Nordrheinwestfalen"]
[Date "2012.09.30"]
[Round "2.2"]
[White "Henrichs, Wenke"]
[Black "Mohrholz, Uwe"]
[Result "1-0"]
[WhiteElo "2010"]
[BlackElo "1985"]
[PlyCount "125"]
[EventDate "2012.09.02"]
[EventType "team-tourn"]
[EventRounds "9"]
[EventCountry "GER"]
[SourceTitle "EXT 2020"]
[Source "ChessBase"]
[SourceDate "2019.10.17"]
[SourceVersion "1"]
[SourceVersionDate "2019.10.17"]
[SourceQuality "1"]
[WhiteTeam "Wattenscheid SV IV"]
[BlackTeam "Bottrop SV"]
[WhiteTeamCountry "GER"]
[BlackTeamCountry "GER"]

1. d4 Nf6 2. c4 c5 3. d5 e6 4. Nc3 exd5 5. cxd5 d6 6. Nf3 g6 7. Qa4+ Qd7 8. Qh4 Bg7 9. e4 Qg4 10. Bf4 Qxh4 11. Nxh4 Kd7 12. Be2 a6 13. e5 dxe5 14. Bxe5 Ne8 15. Bf4 Bxc3+ 16. bxc3 Nd6 17. Nf3 f6 18. 0-0 b5 19. Be3 c4 20. Nd4 Bb7 21. Bf3 Ke7 22. Rfe1 Kf7 23. Bf4 Nc8 24. a4 Nd7 25. axb5 axb5 26. Rxa8 Bxa8 27. Nxb5 Ncb6 28. Nd6+ Kg7 29. Re7+ Kf8 30. Re8+ Kg7 31. Bh6+ Kxh6 32. Rxh8 Bxd5 33. Bxd5 Nxd5 34. Nxc4 Nxc3 35. Rd8 Nc5 36. f3 Ne2+ 37. Kf2 Nf4 38. g3 Nfe6 39. Rd6 Kg7 40. Ke3 Kf7 41. Rd1 Nc7 42. Nd6+ Ke6 43. Ne4 Nd5+ 44. Kf2 Nd7 45. Ra1 N5b6 46. Ra6 Ke5 47. Nc5 Nxc5 48. Rxb6 h5 49. h4 Nd7 50. Ra6 Nc5 51. Ra5 Kd4 52. Ra8 Nd3+ 53. Ke2 Nc1+ 54. Kd2 Nb3+ 55. Ke1 Nc1 56. Re8 Nd3+ 57. Kd2 Ne5 58. Rd8+ Kc5 59. Ke2 Kc6 60. Rg8 Kd5 61. f4 Nd7 62. Kf3 Ke6 63. Rxg6 1-0

[Event "Ruhrgebiet VK2 1112"]
[Site "Nordrheinwestfalen"]
[Date "2011.10.09"]
[Round "2.4"]
[White "Mohrholz, Uwe"]
[Black "Uhlich, Wilfried"]
[Result "1-0"]
[WhiteElo "1978"]
[BlackElo "1858"]
[PlyCount "57"]
[EventDate "2012.09.18"]
[EventType "team-tourn"]
[EventRounds "9"]
[EventCountry "GER"]
[SourceTitle "EXT 2020"]
[Source "ChessBase"]
[SourceDate "2019.10.17"]
[SourceVersion "1"]
[SourceVersionDate "2019.10.17"]
[SourceQuality "1"]
[WhiteTeam "Bottrop SV"]
[BlackTeam "Drewer SG"]
[WhiteTeamCountry "GER"]
[BlackTeamCountry "GER"]

1. e4 c6 2. Nc3 d5 3. Nf3 Bg4 4. h3 Bh5 5. exd5 cxd5 6. d4 e6 7. Bf4 Nc6 8. Be2 Nf6 9. 0-0 Be7 10. Ne5 Bxe2 11. Nxe2 0-0 12. c3 Qb6 13. Qd3 Rfd8 14. Rab1 Rac8 15. Rfe1 Qa5 16. a3 b5 17. Bg5 Qb6 18. Nf4 Rc7 19. Bxf6 Bxf6 20. Ng4 Bg5 21. Qg3 Bxf4 22. Qxf4 Qb8 23. Re3 Rb7 24. Qg5 Kf8 25. Rbe1 Qd6 26. f4 Ne7 27. Qh5 Nf5 28. Rf3 g6 29. Qxh7 1-0

[Event "Staufer op 23rd"]
[Site "Leinzell"]
[Date "2011.01.02"]
[Round "2"]
[White "Fleischer, Frank"]
[Black "Mohrholz, Uwe"]
[Result "1/2-1/2"]
[WhiteElo "2220"]
[BlackElo "2016"]
[PlyCount "90"]
[EventDate "2011.01.02"]
[EventType "swiss"]
[EventRounds "9"]
[EventCountry "GER"]
[SourceTitle "CBM 140 Extra"]
[Source "ChessBase"]
[SourceDate "2011.03.01"]
[SourceVersion "1"]
[SourceVersionDate "2011.03.01"]
[SourceQuality "1"]

1. e4 e6 2. d4 d5 3. e5 c5 4. c3 Nc6 5. Nf3 Qb6 6. Be2 Bd7 7. 0-0 Rc8 8. Na3 f6 9. Re1 cxd4 10. cxd4 Bb4 11. Rf1 fxe5 12. dxe5 Nge7 13. Be3 Qa5 14. Nc2 Ng6 15. Bd3 Ncxe5 16. Nxe5 Nxe5 17. Qh5+ Nf7 18. Bd4 g6 19. Qe2 0-0 20. Nxb4 Qxb4 21. Qe3 e5 22. Bxe5 Qe7 23. Bd4 Qxe3 24. Bxe3 Ne5 25. Rfd1 a6 26. Bd4 Nxd3 27. Rxd3 Bf5 28. Rd2 Rfe8 29. Bc3 Be6 30. a3 Rc4 31. f3 Bf7 32. Kf2 Kf8 33. Rad1 Ke7 34. Rd4 Rxd4 35. Rxd4 Kd6 36. Rb4 b5 37. Rf4 Be6 38. a4 bxa4 39. Rxa4 Bc8 40. Rh4 h5 41. Rf4 Kc5 42. Ra4 Re6 43. Ra5+ Kc4 44. Ra4+ Kc5 45. Ra5+ Kc4 1/2-1/2

[Event "Canarias en Red prel 5th"]
[Site "Playchess.com INT"]
[Date "2004.05.07"]
[Round "6"]
[White "Mohrholz, Uwe"]
[Black "Krupa, Boguslaw"]
[Result "0-1"]
[WhiteElo "2131"]
[BlackElo "1901"]
[PlyCount "48"]
[EventDate "2004.05.07"]
[EventType "swiss (blitz)"]
[EventRounds "13"]
[EventCountry "GER"]
[SourceTitle "EXT 2005"]
[Source "ChessBase"]
[SourceDate "2004.11.15"]
[SourceVersion "1"]
[SourceVersionDate "2004.11.15"]
[SourceQuality "1"]

1. e4 e5 2. Nf3 Nf6 3. Nc3 d6 4. Bc4 Be7 5. 0-0 0-0 6. d3 Bg4 7. h3 Bh5 8. g4 Nxg4 9. hxg4 Bxg4 10. Kg2 Kh8 11. Rg1 f5 12. Kf1 Bh5 13. Bd5 c6 14. Be6 fxe4 15. dxe4 Bxf3 16. Qd3 Bh4 17. Be3 Qf6 18. Bh3 Na6 19. a3 Nc5 20. Qd2 Nxe4 21. Nxe4 Bxe4 22. Rg4 Bf3 23. Rg1 e4 24. Qxd6 Qxd6 0-1

[Event "Canarias en Red prel 5th"]
[Site "Playchess.com INT"]
[Date "2004.05.07"]
[Round "1"]
[White "Schweda, Roland"]
[Black "Mohrholz, Uwe"]
[Result "1-0"]
[WhiteElo "2386"]
[BlackElo "2131"]
[PlyCount "57"]
[EventDate "2004.05.07"]
[EventType "swiss (blitz)"]
[EventRounds "13"]
[EventCountry "GER"]
[SourceTitle "EXT 2005"]
[Source "ChessBase"]
[SourceDate "2004.11.15"]
[SourceVersion "1"]
[SourceVersionDate "2004.11.15"]
[SourceQuality "1"]

1. d4 c6 2. c4 d5 3. Nf3 e6 4. Qc2 Nf6 5. Bg5 Be7 6. Nc3 0-0 7. cxd5 exd5 8. e3 Nbd7 9. Bd3 Re8 10. 0-0 Nf8 11. Bf4 Bg4 12. Ne5 Bh5 13. Rab1 N6d7 14. b4 Nxe5 15. dxe5 a6 16. Bg3 Bg5 17. f4 Bh4 18. Qf2 Bxg3 19. Qxg3 f6 20. Qh3 Bf7 21. Rf2 d4 22. Ne4 dxe3 23. Qxe3 fxe5 24. Rbf1 Qd4 25. Qh3 exf4 26. Ng5 Bg6 27. Bxg6 Nxg6 28. Qxh7+ Kf8 29. Qxg6 1-0

[Event "Goch op 10th"]
[Site "Goch"]
[Date "1999.10.15"]
[Round "3.7"]
[White "Haub, Thorsten Michael"]
[Black "Mohrholz, Uwe"]
[Result "1/2-1/2"]
[WhiteElo "2364"]
[BlackElo "1964"]
[PlyCount "68"]
[EventDate "1999.10.14"]
[EventType "swiss"]
[EventRounds "7"]
[EventCountry "GER"]
[SourceTitle "EXT 2002"]
[Source "ChessBase"]
[SourceDate "2001.11.25"]
[SourceVersion "1"]
[SourceVersionDate "2001.11.25"]
[SourceQuality "1"]

1. Nf3 d5 2. g3 Nf6 3. Bg2 c6 4. d3 g6 5. Nbd2 Bg7 6. e4 dxe4 7. dxe4 0-0 8. 0-0 Bg4 9. h3 Bd7 10. Qe2 Na6 11. Ne5 Qc7 12. Nxd7 Nxd7 13. Nc4 Rad8 14. f4 Nb6 15. Kh2 Nxc4 16. Qxc4 Rd4 17. Qe2 Rfd8 18. Be3 R4d7 19. e5 Nb4 20. c3 Nd5 21. Bg1 e6 22. Rfd1 g5 23. c4 Ne7 24. Rxd7 Qxd7 25. Bxa7 gxf4 26. gxf4 Qd2 27. Qxd2 Rxd2 28. Be3 Rxb2 29. Rd1 Bh6 30. Rd8+ Kg7 31. Rd2 Rxd2 32. Bxd2 Ng6 33. Kg3 Kg8 34. Kf3 Nxe5+ 1/2-1/2